| 000 | 02214cam a2200517Ia 4500 | ||
|---|---|---|---|
| 001 | DIGCILEN031 | ||
| 003 | NyNyDIG | ||
| 006 | m o d | ||
| 007 | cr ||||||||||| | ||
| 008 | 161101t20122012sp a ob 010 e spa d | ||
| 020 | _z8493929271 | ||
| 020 | _z9788493929275 | ||
| 035 | _a(OCoLC)888246326 | ||
| 040 |
_aDGITA _beng _erda _epn _cDGITA |
||
| 041 | 0 |
_aspa _apor |
|
| 043 | _ae-sp--- | ||
| 050 | 1 | 4 | _aPC4171 eBook |
| 245 | 0 | 0 |
_a"Assí como es de suso dicho" : _bestudios de morfología y léxico en homenaje a Jesús Pena / _cMar Campos Souto, Ramón Mariño, José Ignacio Pérez Pascual, Antonio Rifón (Eds.). |
| 246 | 3 | 0 | _aEstudios de morfología y léxico en homenaje a Jesús Pena |
| 264 | 1 |
_aSan Millán de la Cogolla, La Rioja : _bCilengua, Instituto Historia de la Lengua ; _aLogroño, La Rioja : _bFundación San Millán de la Cogolla, _c2012. |
|
| 264 | 4 | _c©2012 | |
| 300 |
_a1 online resource (xxiii, 498 pages) : _billustrations. |
||
| 336 |
_atext _btxt _2rdacontent |
||
| 337 |
_acomputer _bc _2rdamedia |
||
| 338 |
_aonline resource _bcr _2rdacarrier |
||
| 490 | 1 |
_aMonografías ; _v14 |
|
| 500 | _aCollected essays. | ||
| 504 | _aIncludes bibliographical references. | ||
| 546 | _aTexts in Spanish and Portuguese. | ||
| 588 | 0 | _aOnline resource; title from PDF title page (Digitalia, viewed October 30, 2016) | |
| 650 | 0 |
_aSpanish language _xMorphology. |
|
| 650 | 0 |
_aSpanish language _xLexicography. |
|
| 650 | 0 |
_aLinguists _zSpain. |
|
| 655 | 0 | _aElectronic books. | |
| 700 | 1 |
_aCampos Souto, Mar, _eeditor. |
|
| 700 | 1 |
_aMariño, Ramón, _eeditor. |
|
| 700 | 1 |
_aPérez Pascual, José Ignacio, _eeditor. |
|
| 700 | 1 |
_aRifón, Antonio, _eeditor. |
|
| 776 | 0 | 8 |
_iPrint version: _tAssí como es de suso dicho". _dLogroño, La Rioja : Fundación San Millán de la Cogolla, 2012. _z9788493929275 _w(OCoLC)855002535 |
| 791 | 2 |
_aDigitalia (Firm), _edistributor. |
|
| 793 | 0 |
_gDigitalia eBook Collection: _aCilengua. |
|
| 830 | 0 |
_aMonografías (Instituto Historia de la Lengua (San Millán de la Cogolla, Spain)) ; _v14. |
|
| 856 | 4 | 0 |
_3Digitalia Hispánica _uhttps://www.digitaliapublishing.com/a/20828/ |
| 910 | _aPremium Collection: 2007-2012 | ||
| 942 | _cRAA | ||
| 999 |
_c237108 _d237108 |
||